Riigid, mis algavad tähega I - Statistics

General Stats
  • This quiz has been taken 5 times
  • The average score is 7 of 9
Answer Stats
Maa % Correct
Iraan
100%
Island
100%
Iirimaa
80%
India
80%
Indoneesia
80%
Iraak
80%
Iisrael
60%
Ida-Timor
40%
Itaalia
40%
No matching quizzes found
Score Distribution
Percent of People with Each Score
Percentile by Number Answered
Your Score History
You have not taken this quiz